Minh bạch thông tin trên báo cáo tài chính các nhân tố tác động và giải pháp

Wedi'i Gadw mewn:
Manylion Llyfryddiaeth
Prif Awdur: Lê, Thị Mỹ Hạnh
Fformat: Llyfr
Iaith:Undetermined
Pynciau:
Mynediad Ar-lein:http://lrc.tdmu.edu.vn/opac/search/detail.asp?aID=2&ID=20122
Tagiau: Ychwanegu Tag
Dim Tagiau, Byddwch y cyntaf i dagio'r cofnod hwn!
Thư viện lưu trữ: Trung tâm Học liệu Trường Đại học Thủ Dầu Một
LEADER 00662nam a2200145Ia 4500
001 TDMU_20122
008 210410s9999 xx 000 0 und d
082 |a 332 
100 |a Lê, Thị Mỹ Hạnh 
245 0 |a Minh bạch thông tin trên báo cáo tài chính các nhân tố tác động và giải pháp 
245 0 |c Lê Thị Mỹ Hạnh 
300 |a Tr.34-41 
650 |a Kinh tế học tài chính; Thông tin tài chính; Báo cáo tài chính; Thị trường chứng khoán 
856 |u http://lrc.tdmu.edu.vn/opac/search/detail.asp?aID=2&ID=20122 
980 |a Trung tâm Học liệu Trường Đại học Thủ Dầu Một